|
|
|
|
| LEADER |
00000nas a2200000 a 4500 |
| 001 |
ssj0007857 |
| 003 |
WaSeSS |
| 005 |
20200512172242.0 |
| 006 |
m d |
| 007 |
cr n |
| 008 |
940308d19942003njubx p s 0 a0eng c |
| 010 |
|
|
|a 94664132
|z sn 94002159
|
| 016 |
7 |
|
|a 012412883
|2 Uk
|
| 022 |
|
|
|l 1075-0479
|y 1075-0479
|
| 030 |
|
|
|a MSUCCS
|
| 035 |
|
|
|a (WaSeSS)ssj0007857
|
| 037 |
|
|
|b Information Today, Inc., 143 Old Marleton Pike, Medford NJ 08055-8750
|
| 040 |
|
|
|a NSD
|b eng
|c NSD
|d DLC
|d IUL
|d NSD
|d EYM
|d WAU
|d CAS
|d NSD
|d DLC
|d OCLCQ
|d UQ1
|d MUQ
|d OCLCQ
|d UKMGB
|d OCLCQ
|d OCLCO
|d OCLCF
|d OCLCO
|d LIP
|d XFH
|d U3G
|d OCLCQ
|d WaSeSS
|
| 042 |
|
|
|a nsdp
|a pcc
|
| 043 |
|
|
|a n-us---
|
| 050 |
0 |
0 |
|a LB1028.3
|b .M86
|
| 082 |
0 |
0 |
|a 371.3/078/05
|2 20
|
| 210 |
0 |
|
|a MultiMedia sch.
|
| 222 |
|
0 |
|a MultiMedia schools
|
| 245 |
0 |
0 |
|a MultiMedia schools
|h [electronic resource].
|
| 246 |
3 |
|
|a Multi media schools
|
| 246 |
1 |
3 |
|a MMS
|
| 260 |
|
|
|a Wilton, CT :
|b Online, Inc.,
|c [1994]-
|
| 310 |
|
|
|a Six no. a year,
|b 2001-2003
|
| 321 |
|
|
|a Five no. a year,
|b 1994-2000
|
| 362 |
0 |
|
|a Vol. 1, no. 1 (May/June 1994)-
|
| 362 |
1 |
|
|a Ceased with vol. 10, no. 6 (Nov./Dec. 2003).
|
| 500 |
|
|
|a "A practical journal of multimedia, CD-ROM, online & Internet in K-12."
|
| 500 |
|
|
|a Title from cover.
|
| 500 |
|
|
|a Published: Medford, NJ : Information Today, Inc., <May/June 1999->
|
| 506 |
|
|
|a License restrictions may limit access.
|
| 515 |
|
|
|a Vol. 1, no. 1 also called premiere issue.
|
| 588 |
|
|
|a Latest issue consulted: Vol. 6, no. 3 (May/June 1999).
|
| 650 |
|
0 |
|a Educational technology
|z United States
|v Periodicals.
|
| 650 |
|
0 |
|a Computer-assisted instruction
|z United States
|v Periodicals.
|
| 650 |
|
0 |
|a Media programs (Education)
|z United States
|v Periodicals.
|
| 650 |
|
6 |
|a Enseignement assisté par ordinateur
|z États-Unis
|v Périodiques.
|
| 650 |
|
6 |
|a Programmes de technologie de l'enseignement
|z États-Unis
|v Périodiques.
|
| 650 |
|
6 |
|a Technologie éducative
|z États-Unis
|v Périodiques.
|
| 650 |
|
7 |
|a Computer-assisted instruction.
|2 fast
|0 (OCoLC)fst00872725
|
| 650 |
|
7 |
|a Educational technology.
|2 fast
|0 (OCoLC)fst00903623
|
| 650 |
|
7 |
|a Media programs (Education)
|2 fast
|0 (OCoLC)fst01013580
|
| 650 |
|
7 |
|a Enseignement primaire.
|2 rasuqam
|
| 650 |
|
7 |
|a Enseignement secondaire.
|2 rasuqam
|
| 650 |
1 |
7 |
|a Informatique éducative.
|2 rasuqam
|
| 650 |
|
7 |
|a Multimédia.
|2 rasuqam
|
| 650 |
1 |
7 |
|a Technologie éducative.
|2 rasuqam
|
| 651 |
|
7 |
|a United States.
|2 fast
|0 (OCoLC)fst01204155
|
| 651 |
|
7 |
|a États-Unis.
|2 rasuqam
|
| 655 |
|
0 |
|a Electronic journals.
|
| 785 |
0 |
0 |
|t MultiMedia & internet@schools
|x 1546-4636
|w (DLC) 2003215482
|w (OCoLC)53008037
|
| 850 |
|
|
|a DLC
|a InU
|a MiU
|a WaU
|
| 856 |
4 |
0 |
|z Full text available from Research Library: 05/01/1998 to 12/31/2003
|u https://search.proquest.com/publication/29385
|